00742nam a2200169 a 450000500170000000800410001704000250005804100080008308200190009124502000011026000310031030000520034165000360039365000200042965000680044971000550051720160316084641.0160316b gh d fr|||| 001 0 spa d aCO-BoIAVHcCO-BoIAVH1 aspa04a333.7513bD44e10aDesarrollo y ejecución de un programa educativo para informar a los distribuidores de productos de maderas sobre las ventajas de utilizar maderas tropicales producidas por los países miembros a[s. l.] :bOIMT,c[1996?]. a16 páginas :btablas ;c30 x 21 centímetros 6aProductos forestalesvproyectos 4aMadera tropical 6aIndustria forestalxcomercio de productos forestalesvproyectos2 aOrganización Internacional de Maderas Tropicales